40 rokov Ekonomickej fakulty Univerzity Mateja Bela v Banskej Bystrici 1977 - 2017

Gespeichert in:
Bibliographische Detailangaben
Körperschaft: Univerzita Mateja Bela v Banskej Bystrici. Ekonomická fakulta
Weitere Verfasser: Gúčik, Marián, Vaňová, Anna
Format: Buch
Sprache:Slowakisch
Veröffentlicht: Banská Bystrica BELIANUM 2017
Schlagworte:
Tags: Tag hinzufügen
Keine Tags, Fügen Sie das erste Tag hinzu!

MARC

LEADER 00000nam a2200000 4500
001 0240005
005 20240318130127.6
020 |a 978-80-557-1276-5 
041 0 |a slo 
044 |a SK 
245 1 0 |a 40 rokov Ekonomickej fakulty Univerzity Mateja Bela v Banskej Bystrici  |b 1977 - 2017  |c zostavovatelia: Marian Gúčik, Anna Vaňová 
264 1 |a Banská Bystrica  |b BELIANUM  |c 2017 
300 |a 76 s. 
610 2 0 |a univerzity 
610 2 0 |a fakulty 
610 2 0 |a školy vysoké 
610 2 0 |a zamestnanci 
610 2 0 |a učitelia 
610 2 0 |a pracovníci odborní 
610 2 0 |a pracovníci vedeckí 
610 2 0 |a pracovníci vedúci 
610 2 0 |a osobnosť 
610 2 0 |a absolventi 
610 2 0 |a vzdelanie vysokoškolské 
610 2 0 |a vzdelávanie ďalšie 
610 2 0 |a štúdium vysokoškolské 
700 1 |a Gúčik, Marián 
700 1 |a Vaňová, Anna 
710 2 |a Univerzita Mateja Bela v Banskej Bystrici. Ekonomická fakulta